Corporate Governance Principles, Policy and Practices (Record no. 12625)
[ view plain ]
| 000 -LEADER | |
|---|---|
| fixed length control field | 00421nam a22001697a 4500 |
| 003 - CONTROL NUMBER IDENTIFIER | |
| control field | OSt |
| 008 - FIXED-LENGTH DATA ELEMENTS--GENERAL INFORMATION | |
| fixed length control field | 240504b |||||||| |||| 00| 0 eng d |
| 020 ## - INTERNATIONAL STANDARD BOOK NUMBER | |
| International Standard Book Number | 9789353062668 |
| 082 ## - DEWEY DECIMAL CLASSIFICATION NUMBER | |
| Classification number | 658.421 FEC |
| 100 ## - MAIN ENTRY--PERSONAL NAME | |
| Personal name | FERNANDO,AC |
| 245 ## - TITLE STATEMENT | |
| Title | Corporate Governance Principles, Policy and Practices |
| 250 ## - EDITION STATEMENT | |
| Edition statement | 3rd Ed |
| 260 ## - PUBLICATION, DISTRIBUTION, ETC. (IMPRINT) | |
| Place of publication, distribution, etc | New Delhi |
| Name of publisher, distributor, etc | Pearson |
| Date of publication, distribution, etc | 2023 |
| 300 ## - PHYSICAL DESCRIPTION | |
| Extent | 667 |
| 700 ## - ADDED ENTRY--PERSONAL NAME | |
| Personal name | MURALEEDHARAN,KP |
| 942 ## - ADDED ENTRY ELEMENTS (KOHA) | |
| Source of classification or shelving scheme | Dewey Decimal Classification |
| Koha item type | Text Books |
| Withdrawn status | Lost status | Source of classification or shelving scheme | Damaged status | Not for loan | Collection code | Home library | Current library | Date acquired | Source of acquisition | Currency | Cost, normal purchase price | Bill Number | Total Checkouts | Full call number | Acc. no. / Barcode | Date last seen | Actual Cost, discounted price | Bill Date | Koha item type | Date last borrowed |
|---|---|---|---|---|---|---|---|---|---|---|---|---|---|---|---|---|---|---|---|---|
| Dewey Decimal Classification | MBA | PIET C-LIBRARY | PIET C-LIBRARY | 23/03/2024 | Zafaa Books and Distributors | In rupees | 760.00 | ZBD0463 | 658.421 FEC | 36740 | 04/05/2024 | 516.80 | 23/03/2024 | Reference Books | ||||||
| Dewey Decimal Classification | MBA | PIET C-LIBRARY | PIET C-LIBRARY | 23/03/2024 | Zafaa Books and Distributors | In rupees | 760.00 | ZBD0463 | 658.421 FEC | 36741 | 04/05/2024 | 516.80 | 23/03/2024 | Text Books | ||||||
| Dewey Decimal Classification | MBA | PIET C-LIBRARY | PIET C-LIBRARY | 23/03/2024 | Zafaa Books and Distributors | In rupees | 760.00 | ZBD0463 | 2 | 658.421 FEC | 36742 | 20/06/2025 | 516.80 | 23/03/2024 | Text Books | 06/06/2025 |